书目信息 |
| 题名: |
怎样看化验单
|
|
| 作者: | 陈惠中 | |
| 分册: | ||
| 出版信息: | 北京 金盾出版社 2006 |
|
| 页数: | 438 | |
| 开本: | 16cm | |
| 丛书名: | ||
| 单 册: | ||
| 中图分类: | R44 | |
| 科图分类: | ||
| 主题词: | 诊断学 | |
| 电子资源: | ||
| ISBN: | 7-5082-4012-1 | |
| 000 | 00517nam0 2200181 450 | |
| 001 | 1735846483 | |
| 005 | 20170410095726.48 | |
| 010 | @a7-5082-4012-1@d¥35.00 | |
| 100 | @a20170410d km y0chiy0120 ea | |
| 101 | 0 | @achi |
| 200 | 1 | @a怎样看化验单@Azen yang kan hua yan dan@f陈惠中@Fchen hui zhong |
| 210 | @a北京@c金盾出版社@d2006 | |
| 215 | @a438@d16cm | |
| 606 | 0 | @a诊断学 |
| 690 | @aR44@v4 | |
| 701 | 0 | @a陈惠中@Achen hui zhong |
| 801 | 0 | @aCN@b大连网信软件有限公司图书馆·11@c20170410 |
| 905 | @b6604401@dR44@en2@f1 | |
| 怎样看化验单/陈惠中.-北京:金盾出版社,2006 |
| 438;16cm |
| ISBN 7-5082-4012-1:¥35.00 |
| ● |
| 相关链接 |
|
|
|
|
正题名:怎样看化验单
索取号:R44/n2
 
预约/预借
| 序号 | 登录号 | 条形码 | 馆藏地/架位号 | 状态 | 备注 |
| 1 | 6604401 | 266044014 | 密集书库-生命科学系/ [索取号:R44/n2] | 在馆 |